000 00688nam a2200229Ia 4500
005 20241129104140.0
008 241129s9999||||xx |||||||||||||| ||und||
020 _a978026258909
037 _aTextual
040 _aRTL
_beng
_cRTL
041 _aeng
_2eng
084 _aX:(B7:3) R0
_qRTL
100 _aJiang Yue; Miao Jianjun; Shen Zhouxiang
_9724989
245 0 _aStudent solutions manual to accompany economic dynamics in discrete time
_cJiang Yue; Miao Jianjun; Shen Zhouxiang
250 _a2nd
260 _aLondon
_bMIT Press
_c2020
300 _a167p.
365 _aINR
_b2916.55
650 _aCommerce
942 _cTB
_hX:(B7:3) R0
999 _c1224628
_d1224628